Statistics for Christmas People Quiz

Click here to take the quiz!

General Stats

  • This quiz has been taken 26 times
  • The average score is 4 of 12

Answer Stats

Answer% Correct
Buddy Holly
88%
Nicholas Cage
83%
Yul Brynner
63%
Noel Gallagher
58%
Christian Bale
46%
Donna Summer
42%
Alexander Graham Bell
21%
Gabriel Jesus
13%
Carole King
13%
Rudolph Valentino
8%
Mary Magdalene
4%
Joseph Haydn
4%

Score Distribution

Percentile by Number Answered

Percent of People with Each Score

Your Score History

You have not taken this quiz